00301nam a2200121Ia 4500008004100000082001600041100002300057245004000080250000800120260002600128300000800154650001700162150301s2014 xx 000 0 und d a618.1bC14D aDAFTRY, SHIRISH N. a100 + CLINICAL CASES IN GYNAECOLOGY a1ST bELSEVIERaINDIAc2014 a383 aOBST. & GYNE